Normal view
MARC view
Entry Topical Term
001 - CONTROL NUMBER
- control field: 34569
003 - CONTROL NUMBER IDENTIFIER
- control field: OSt
005 - DATE AND TIME OF LATEST TRANSACTION
- control field: 20231220152750.0
008 - FIXED-LENGTH DATA ELEMENTS
- fixed length control field: 231220|| aca||aabn | a|a d
040 ## - CATALOGING SOURCE
- Original cataloging agency: OSt
- Transcribing agency: OSt
150 ## - HEADING--TOPICAL TERM
- Topical term or geographic name entry element: တရားတေ်
670 ## - SOURCE DATA FOUND
- Source citation: Work cat.: (OSt)21579: ဆန်းလွင်( ရှင်အာဒိစ္စရံသီ) 19898, ဥတ္တရိမနုဿဓမ္မပြဿနာ /, ၂၀၀၈။